00690nam a22001817a 4500003000900000008004100009040007100050082001800121110001200139245007300151260004700224300002700271505011700298650003800415650002500453650002100478710000900499AR-CdUCM190312b ||||| |||| 00| 0 spa d aMUNICIPALIDAD PROVINCIAL DEL CUSCOcBIBLIOTECA MUNICIPAL DEL CUSCO a305.4 /bUN61 aUNICEF  aEstado de la niñes, la adolecencia y la mujer en el Perú, 1997 / aPerú :bMónica Avila Paulette ,c1997. a61 páginas ;c27 cm. aContenido : Estadistica y argumento sobre la adolecencia y la mujer en el Peru en la decada de los años 90'... aLa Adolecencia femenina en Perú aDerechos de la Mujer aCrisis de genero aINEI